00493nam a22001337a 4500082001200000100002300012245008500035260004200120650003100162700004300193942000700236999001900243952009700262 a200 THE aAFZA KAZMI 970123 aTH-SOF-1262-Model Driven Architecture for Decentralized Software Defined VANET's aIslamabadbNUST College of EMEc2016  a MS-CSE-13 MSTHESIS969839 aSupervisor Dr. Muazzam A.Khan 969916 cCF c577157d577157 00104070aCEMEbCEMEcREFd2019-11-21l0o200 THEpTH-SOF-1262r2021-06-28w2021-06-28yCF